000 00807nam a2200241 i 4500
001 C2-0258144
003 PPAK
005 20180727224836.0
008 041007s my |||| ||||| | eng d
020 _a9676904139
040 _aPPAK
_beng
_cPPAK
_erda
082 0 4 _a158.1
_223
090 0 0 _a158.1
_bGER
_dG
100 1 _aGermain, Walter M.,
_eauthor
245 1 4 _aThe magic power of your mind :
_bhow to unleashed your hidden power
264 1 _aBatu Caves, Selangor :
_bThinker's Library ,
_c[date of publication not identified]
300 _axvi, 299 pages ;
_c22 cm
336 _2rdacontent
_atext
337 _2rdamedia
_aunmediated
338 _2rdacarrier
_avolume
650 1 0 _aSelf-actualization (Psychology) ; Self-management (Psychology) ; Success - Psychological aspects
942 _ddc
_cB
999 _c69757
_d69757